Analýza vybraných medzinárodných účtovnych štandardov pre verejný sektor v procese medzinárodnej harmonizácie účtovníctva verejného sektora diplomová práca

Na minha lista:
Detalhes bibliográficos
Autor principal: Szajková, Monika
Autor Corporativo: Fakulta hospodárskej informatiky EU. Katedra účtovníctva a audítorstva
Outros Autores: Kršeková, Marianna
Formato: Livro
Idioma:eslovaco
Publicado em: Bratislava 2010
Tags: Adicionar Tag
Sem tags, seja o primeiro a adicionar uma tag!

MARC

LEADER 00000nam$a2200000$$$4500
001 0120140
005 20240318121811.9
041 0 |a slo 
044 |a SK 
245 1 0 |a Analýza vybraných medzinárodných účtovnych štandardov pre verejný sektor v procese medzinárodnej harmonizácie účtovníctva verejného sektora  |b diplomová práca  |c Monika Szajková ; škol. Marianna Kršeková 
264 1 |a Bratislava  |c 2010 
100 1 |a Szajková, Monika 
700 1 |a Kršeková, Marianna 
710 2 |a Fakulta hospodárskej informatiky EU. Katedra účtovníctva a audítorstva